| 000 | 00000nam 2200000za 4500 |
| 001 | 9.855844 |
| 003 | CaOODSP |
| 005 | 20241203113642 |
| 007 | cr ||||||||||| |
| 008 | 180426s1986 bcc #ot f|0| 0 eng d |
| 020 | |z0-662-14818-5 |
| 040 | |aCaOODSP|beng |
| 041 | |aeng|bfre |
| 043 | |an-cn-yk |
| 086 | 1 |aCW69-5/4E-PDF |
| 100 | 1 |aHawkings, J. |
| 245 | 10|aBreeding bird survey of the Whitefish Station area, MacKenzie Delta, 1985 |h[electronic resource] / |cJ. Hawkings. |
| 260 | |a[Delta, B. C.] : |bPacific and Yukon Region, Canadian Wildlife Service, Environment Canada, |c1986. |
| 300 | |aiii, 22 p. : |bfigures. |
| 490 | 1 |aTechnical report series ; |vno. 4 |
| 500 | |aDigitized edition from print [produced by Environment and Climate Change Canada]. |
| 504 | |aIncludes bibliographic references. |
| 520 | 3 |a"The relationship of the Whitefish Station avifauna to that of adjacent areas is discussed and species accounts are provided for all birds seen during the study"--Abstract, p. ii. |
| 546 | |aIncludes abstract in French. |
| 692 | 07|2gccst|aMigratory birds |
| 710 | 1 |aCanada. |bEnvironment Canada. |
| 710 | 2 |aCanadian Wildlife Service. |bPacific and Yukon Region. |
| 830 | #0|aTechnical report series (Canadian Wildlife Service)|vno. 4|w(CaOODSP)9.504438 |
| 856 | 40|qPDF|s1.22 MB|uhttps://publications.gc.ca/collections/collection_2018/eccc/cw69-5/CW69-5-4-eng.pdf |
| 986 | |aCW69-5/4E |